Statistics for All outdoor Track and Field events

Click here to take the quiz!

General Stats

  • This quiz has been taken 465 times
  • The average score is 18 of 23

Answer Stats

HintAnswer% Correct
100m
97%
200m
97%
400m
97%
800m
95%
Long jump
93%
High jump
92%
Discus throw
88%
Shot put
88%
Javelin throw
83%
Triple jump
83%
1,500m
82%
Pole vault
81%
5,000m
79%
10,000m
78%
Hammer throw
77%
110m Hurdles
69%
400m Hurdles
69%
Multiple eventsDecathlon
66%
3000m steeplechase
61%
4x100m relay
61%
4x400m relay
61%
100m Hurdles
60%
Multiple eventsHeptathlon
56%

Score Distribution

Percentile by Number Answered

Percent of People with Each Score

Your Score History

You have not taken this quiz